Las actividades del lenguaje.

Na minha lista:
Detalhes bibliográficos
Autor principal: Valenzuela Cervera, José A. (autor)
Formato: Livro
Idioma:espanhol
Colecção:(Técnicas y estudios experimentales ; no. 10)
Assuntos:
Tags: Adicionar Tag
Sem tags, seja o primeiro a adicionar uma tag!

MARC

LEADER 00000cam^a2200000uu^4500
001 000457825
005 20250521000000.0
008 050901s1971^^^^^^^^^^^^rd^r^^000^0^spa^d
009 20260310124054.758
035 |a FCE 000000268 
035 |a FCE 000269 
037 |a Acervo ITESO - Biblioteca 
041 |a spa 
082 0 4 |a 371.30  |b VALa 
100 |a Valenzuela Cervera, José A.  |e (autor) 
245 1 4 |a Las actividades del lenguaje. 
264 |a Madrid :  |b RIALP,  |c 1971. 
300 |a 201 p. 
336 |a texto  |b txt  |2 rdacontenido 
337 |a sin mediación  |b n  |2 rdamedio 
338 |a volumen  |b nc  |2 rdasoporte 
440 0 |a (Técnicas y estudios experimentales ;  |v no. 10) 
649 |a XX 
650 |a Educación básica 
650 |a Lenguaje 
650 |a Enseñanza de la escritura 
650 |a Enseñanza del lenguaje 
650 |a Técnica didáctica 
910 |a Fondo Centro de Estudios Educativos 
920 |a Impresos - Libros 
930 |a Fondos Especiales 
905 |a 133 
901 |a ALE000269  |b IT2  |c CEE  |u 20250521 
902 |a https://opac.biblio.iteso.mx/vufind/Record/000457825